Normal view
MARC view
Entry Personal Name
001 - CONTROL NUMBER
- control field: 237969
003 - CONTROL NUMBER IDENTIFIER
- control field: OSt
005 - DATE AND TIME OF LATEST TRANSACTION
- control field: 20250830100437.0
008 - FIXED-LENGTH DATA ELEMENTS
- fixed length control field: 250830|| aca||aabn | a|a d
040 ## - CATALOGING SOURCE
- Original cataloging agency: OSt
- Transcribing agency: OSt
100 ## - HEADING--PERSONAL NAME
- Personal name: NATARAJ (M B)
- Dates associated with a name: ನಟರಾಜ್ (ಎಂ ಬಿ )
670 ## - SOURCE DATA FOUND
- Source citation: Work cat.: (OSt)112801: RAMASVAMI (S) 166596 ರಾಮಸ್ವಾಮಿ (ಎಸ್), Malenadina kathegalu, 1977